[Event "chess.com SpeedChess 2024"]
[Site "chess.com INT"]
[Date "2024.07.25"]
[Round "1.21"]
[Board "21"]
[White "Duda, Jan-Krzysztof"]
[Black "Erigaisi, Arjun"]
[Result "1/2-1/2"]
[WhiteTitle "GM"]
[BlackTitle "GM"]
[WhiteElo "2733"]
[BlackElo "2778"]
[WhiteFideId "1170546"]
[BlackFideId "35009192"]
[EventDate "2024.07.25"]
[EventType "k.o."]

1. d4 d5 2. Nf3 e6 3. Bf4 Nf6 4. e3 Bd6 5. Bg3 b6 6. Nbd2 Bb7 7. Ne5 Nbd7 8. f4
O-O 9. c3 Ne4 10. Nxe4 dxe4 11. Be2 Nf6 12. O-O c5 13. Bh4 Be7 14. Bxf6 gxf6 15.
Nc4 f5 16. Kh1 Kh8 17. Rg1 Rg8 18. Ne5 Rg7 19. Bh5 Qg8 20. dxc5 Rd8 21. Qe2 Bxc5
22. Rad1 Rxd1 23. Rxd1 f6 24. Nf7+ Rxf7 25. Bxf7 Qxf7 26. Rd8+ Kg7 27. Qb5 a6
28. Qe2 b5 29. b4 Be7 30. Rd7 Bd5 31. a4 Qe8 32. Ra7 Kf8 33. Rxa6 Bc4 34. Qd1
bxa4 35. Rxa4 Be2 36. Qc2 Bd3 37. Qa2 Bc4 38. Qa1 Qc6 39. Ra7 Qb6 40. Ra8+ Kf7
41. Qe1 Qd6 42. h3 e5 43. Qg3 Bf8 44. Ra7+ Ke8 45. Qh4 exf4 46. Qh5+ Kd8 47.
Qxf5 f3 48. Ra8+ Ke7 49. Ra7+ Kd8 50. Qa5+ Ke8 51. Qh5+ Kd8 52. Qa5+ Ke8 53.
Qh5+ Kd8 54. Qa5+ 1/2-1/2

[Event "chess.com SpeedChess 2024"]
[Site "chess.com INT"]
[Date "2024.07.25"]
[Round "1.22"]
[Board "22"]
[White "Erigaisi, Arjun"]
[Black "Duda, Jan-Krzysztof"]
[Result "1-0"]
[WhiteTitle "GM"]
[BlackTitle "GM"]
[WhiteElo "2778"]
[BlackElo "2733"]
[WhiteFideId "35009192"]
[BlackFideId "1170546"]
[EventDate "2024.07.25"]
[EventType "k.o."]

1. Nf3 Nf6 2. c4 c5 3. b3 b6 4. Bb2 Bb7 5. g3 e6 6. Bg2 Be7 7. O-O O-O 8. d4
cxd4 9. Nxd4 Bxg2 10. Kxg2 d5 11. cxd5 Qxd5+ 12. Nf3 Qb7 13. Nc3 Rd8 14. Qc2 Nc6
15. Kg1 Nb4 16. Qb1 Nd3 17. Rd1 Nxb2 18. Qxb2 b5 19. Rxd8+ Rxd8 20. Rd1 Rc8 21.
Nb1 Ne4 22. Rc1 Rd8 23. Qc2 h5 24. Nbd2 Nxd2 25. Nxd2 h4 26. Qe4 Qd7 27. Nf1 h3
28. Qg4 e5 29. Qxd7 Rxd7 30. f3 f5 31. Kf2 Kf7 32. e4 f4 33. g4 a5 34. Ke2 Bb4
35. Rc6 Ke7 36. Rg6 Kf7 37. Rc6 Ke7 38. Rg6 Kd8 39. Rc6 Rd4 40. Rc2 Rd7 41. Nd2
Ke7 42. Nb1 Ke6 43. Nc3 Rc7 44. Kd3 Bxc3 45. Rxc3 Rd7+ 46. Ke2 a4 47. b4 Rb7 48.
Rc6+ Kf7 49. Rc5 Kf6 50. a3 Rb8 51. Rc6+ Kf7 52. Rc5 Kf6 53. Rc6+ Kf7 54. Rc5 g6
55. Rxe5 Rc8 56. Kd3 Rc1 57. Rxb5 Rf1 58. Rb7+ Ke6 59. e5 Kxe5 60. Rb5+ Kd6 61.
Ke4 Rf2 62. Kxf4 Kc6 63. Rc5+ Kb6 64. Kg3 Ra2 65. Rc3 Rb2 66. f4 Rb3 67. Rf3 Kc6
68. f5 gxf5 69. gxf5 Kd7 70. f6 Ke8 71. f7+ Kf8 72. Kg4 Rb2 73. Kxh3 Rb3 74. Kg3 1-0

[Event "chess.com SpeedChess 2024"]
[Site "chess.com INT"]
[Date "2024.07.26"]
[Round "1.1"]
[Board "1"]
[White "Carlsen, Magnus"]
[Black "Le, Tuan Minh"]
[Result "1-0"]
[WhiteTitle "GM"]
[BlackTitle "GM"]
[WhiteElo "2832"]
[BlackElo "2568"]
[WhiteFideId "1503014"]
[BlackFideId "12401153"]
[EventDate "2024.07.25"]
[EventType "k.o."]

1. e4 e5 2. Nf3 Nc6 3. Bb5 a6 4. Ba4 Bc5 5. c3 Nge7 6. O-O Ng6 7. d4 Ba7 8. Bg5
f6 9. Be3 O-O 10. Re1 Kh8 11. h3 d6 12. Nbd2 exd4 13. Nxd4 Nxd4 14. Bxd4 Bxd4
15. cxd4 f5 16. e5 b5 17. Bb3 dxe5 18. dxe5 Bb7 19. Nf3 Qe7 20. e6 Rad8 21. Qe2
Be4 22. Qe3 c5 23. Ng5 c4 24. Nf7+ Rxf7 25. exf7 Qxf7 26. Rad1 Rf8 27. f3 cxb3
28. fxe4 bxa2 29. exf5 Qxf5 30. Ra1 Qd5 31. b3 h6 32. Rxa2 Rf6 33. Rf2 Rc6 34.
Rd2 Qf5 35. Qe8+ 1-0

[Event "chess.com SpeedChess 2024"]
[Site "chess.com INT"]
[Date "2024.07.26"]
[Round "1.2"]
[Board "2"]
[White "Le, Tuan Minh"]
[Black "Carlsen, Magnus"]
[Result "0-1"]
[WhiteTitle "GM"]
[BlackTitle "GM"]
[WhiteElo "2568"]
[BlackElo "2832"]
[WhiteFideId "12401153"]
[BlackFideId "1503014"]
[EventDate "2024.07.25"]
[EventType "k.o."]

1. d4 Nf6 2. c4 b6 3. Nc3 Bb7 4. Qc2 d6 5. Nf3 Nbd7 6. e4 e5 7. d5 g6 8. g3 Bg7
9. Bg2 O-O 10. O-O Bc8 11. a3 a5 12. Rb1 a4 13. Be3 Nc5 14. h3 Nfd7 15. Rbe1 Qe7
16. Nd2 f5 17. f4 exf4 18. gxf4 Bxc3 19. Qxc3 fxe4 20. Bd4 Nf6 21. Bxf6 Qxf6 22.
Qxf6 Rxf6 23. Nxe4 Nxe4 24. Rxe4 Bf5 25. Re3 Bd7 26. Re7 Rf7 27. Rxf7 Kxf7 28.
Kf2 Kf6 29. h4 Re8 30. Bf3 Kf5 31. Rd1 Kxf4 32. Rd4+ Ke5 33. Rd2 Rf8 34. Kg3 Rf7
35. Rd1 h6 36. Rd2 g5 37. hxg5 hxg5 38. Rd1 Rf4 39. Re1+ Kf6 40. Rc1 Bf5 41. Rc3
Rd4 42. Kf2 Rd2+ 43. Ke3 Rxb2 44. Bd1 Ke5 0-1

[Event "chess.com SpeedChess 2024"]
[Site "chess.com INT"]
[Date "2024.07.26"]
[Round "1.3"]
[Board "3"]
[White "Carlsen, Magnus"]
[Black "Le, Tuan Minh"]
[Result "1-0"]
[WhiteTitle "GM"]
[BlackTitle "GM"]
[WhiteElo "2832"]
[BlackElo "2568"]
[WhiteFideId "1503014"]
[BlackFideId "12401153"]
[EventDate "2024.07.25"]
[EventType "k.o."]

1. d4 d5 2. c4 e6 3. Nf3 a6 4. g3 dxc4 5. Bg2 b5 6. O-O Bb7 7. a4 Nf6 8. axb5
axb5 9. Rxa8 Bxa8 10. Nc3 b4 11. Qa4+ Bc6 12. Nb5 Nfd7 13. Qa5 Bxb5 14. Qxb5 Bd6
15. Bg5 Qc8 16. Qxc4 O-O 17. Rc1 Nb6 18. Qd3 N8d7 19. e4 Re8 20. Qb5 Qb8 21. Bd2
b3 22. Qxb3 c5 23. Be3 cxd4 24. Bxd4 Bf8 25. h4 h6 26. Bf1 Rc8 27. Rxc8 Qxc8 28.
Bb5 Qc7 29. Kg2 Nc5 30. Qc3 Qd6 31. Qc2 Ncd7 32. Qc6 Qb8 33. Ne5 Nxe5 34. Qxb6
Qa8 35. f3 Ng6 36. h5 Ne7 37. Bc3 Qa1 38. g4 Qc1 39. Qd4 Qc2+ 40. Qd2 Qb3 41.
Be2 Nc6 42. Qd1 Qb6 43. f4 Nb4 44. Bf3 Qb5 45. Qe2 Nd3 46. Kg3 Qd7 47. e5 Bc5
48. Be4 Nf2 49. Bc2 Qc6 50. Qf3 Qe8 51. Kg2 Qd8 52. f5 Bb6 53. fxe6 fxe6 54. Qc6
Kh8 55. Qxe6 Nd3 56. Qf5 Qd5+ 57. Kf1 Qh1+ 58. Ke2 Nc1+ 59. Kd2 Qd5+ 60. Kxc1
Be3+ 61. Kb1 Qh1+ 62. Ka2 Qa8+ 63. Kb3 Qd5+ 64. Ka4 Qc6+ 65. Ka3 Qc5+ 66. Ka2
Qd5+ 67. Bb3 Qa8+ 68. Kb1 Qh1+ 69. Kc2 Qc1+ 70. Kd3 Bc5 71. Qc8+ 1-0

[Event "chess.com SpeedChess 2024"]
[Site "chess.com INT"]
[Date "2024.07.26"]
[Round "1.4"]
[Board "4"]
[White "Le, Tuan Minh"]
[Black "Carlsen, Magnus"]
[Result "0-1"]
[WhiteTitle "GM"]
[BlackTitle "GM"]
[WhiteElo "2568"]
[BlackElo "2832"]
[WhiteFideId "12401153"]
[BlackFideId "1503014"]
[EventDate "2024.07.25"]
[EventType "k.o."]

1. d4 Nf6 2. Nf3 b6 3. c4 Bb7 4. a3 g6 5. Bf4 Bg7 6. e3 d6 7. Be2 Nbd7 8. h3 e5
9. Bh2 exd4 10. Nxd4 Bxg2 11. Rg1 Bb7 12. Nc3 O-O 13. h4 Re8 14. h5 Ne4 15. hxg6
hxg6 16. Nxe4 Bxe4 17. Qd2 Nc5 18. Rd1 Qf6 19. b4 Ne6 20. Nxe6 Rxe6 21. Bf4 a5
22. Kf1 axb4 23. axb4 Qc3 24. Qxc3 Bxc3 25. Bg4 Re7 26. Bg5 f6 27. Bf4 Bxb4 28.
Be2 Kg7 29. f3 Bc2 30. Rc1 Ra2 31. e4 Bxe4 32. c5 Bxc5 33. Rg2 Bc6 0-1

[Event "chess.com SpeedChess 2024"]
[Site "chess.com INT"]
[Date "2024.07.26"]
[Round "1.5"]
[Board "5"]
[White "Carlsen, Magnus"]
[Black "Le, Tuan Minh"]
[Result "1/2-1/2"]
[WhiteTitle "GM"]
[BlackTitle "GM"]
[WhiteElo "2832"]
[BlackElo "2568"]
[WhiteFideId "1503014"]
[BlackFideId "12401153"]
[EventDate "2024.07.25"]
[EventType "k.o."]

1. c4 e6 2. g3 d5 3. Bg2 Nf6 4. Nf3 dxc4 5. O-O Nbd7 6. Na3 Bxa3 7. bxa3 O-O 8.
Qc2 c5 9. Qxc4 b6 10. Bb2 Bb7 11. d3 Rc8 12. a4 Qc7 13. a5 b5 14. Qc3 b4 15. Qd2
Bxf3 16. Bxf3 Qxa5 17. a3 Qb6 18. axb4 cxb4 19. Qe3 Qxe3 20. fxe3 Rc2 21. Rfb1
h5 22. Rxa7 Rb8 23. Kf1 b3 24. Ra3 Ng4 25. Bxg4 hxg4 26. Ke1 Rb5 27. Kd1 e5 28.
Rxb3 Rxb3 29. Kxc2 Rb6 30. Ra1 Rh6 31. Ra7 Nc5 32. Ra5 Ne6 33. Bxe5 Rxh2 34. Kd1
Kh7 35. e4 f6 36. Bc3 Rg2 37. e5 f5 38. Ra6 Nc7 39. Rc6 Nd5 40. e6 Rxg3 41. Kd2
f4 42. Bd4 Rg2 43. Rd6 Nc7 44. Ke1 f3 45. exf3 gxf3 46. Kf1 Re2 47. e7 Rxe7 48.
Kf2 Ne6 49. Kxf3 Nxd4+ 50. Rxd4 1/2-1/2

[Event "chess.com SpeedChess 2024"]
[Site "chess.com INT"]
[Date "2024.07.26"]
[Round "1.6"]
[Board "6"]
[White "Le, Tuan Minh"]
[Black "Carlsen, Magnus"]
[Result "0-1"]
[WhiteTitle "GM"]
[BlackTitle "GM"]
[WhiteElo "2568"]
[BlackElo "2832"]
[WhiteFideId "12401153"]
[BlackFideId "1503014"]
[EventDate "2024.07.25"]
[EventType "k.o."]

1. d4 Nf6 2. c4 g6 3. g3 Bg7 4. Bg2 O-O 5. Nf3 d6 6. O-O c5 7. dxc5 dxc5 8. Ne5
Qc7 9. Nd3 Be6 10. Qb3 Nc6 11. Nxc5 Nd4 12. Nxe6 Nxe2+ 13. Kh1 fxe6 14. Nc3 Nxc3
15. bxc3 Ng4 16. f3 Ne5 17. c5 Qxc5 18. Ba3 Qb6 19. Bxe7 Rf7 20. Bg5 Nd3 21. Qc2
Rd7 22. Qe2 Rc8 23. Rab1 Qd6 24. Bh3 Rc6 25. c4 Qe5 26. Qxe5 Nxe5 27. c5 Nd3 28.
Be3 Re7 29. Rfd1 Nxc5 30. Rbc1 b6 31. f4 Kf7 32. Bxc5 bxc5 33. Bf1 Rec7 34. Bc4
Rb6 35. Rc2 Bd4 36. Re1 Kf6 37. Kg2 Re7 38. Ree2 e5 39. fxe5+ Rxe5 40. Rxe5 Kxe5
41. Re2+ Kf6 42. Kf3 Rb4 43. Rc2 a5 44. a3 Ra4 45. Ke4 Rxa3 46. Kd5 a4 47. Re2
Re3 48. Rxe3 Bxe3 49. Ke4 Bg1 50. h3 a3 51. Ba2 Bf2 52. g4 Kg5 53. Kf3 Bd4 54.
Bb3 Kh4 55. Kg2 g5 56. Bf7 h6 57. Be6 h5 58. gxh5 Kxh5 59. Kf3 Kh4 60. Kg2 Be5
61. Kf3 c4 62. Bxc4 Kxh3 63. Be6+ Kh4 64. Kg2 g4 0-1

[Event "chess.com SpeedChess 2024"]
[Site "chess.com INT"]
[Date "2024.07.26"]
[Round "1.7"]
[Board "7"]
[White "Carlsen, Magnus"]
[Black "Le, Tuan Minh"]
[Result "0-1"]
[WhiteTitle "GM"]
[BlackTitle "GM"]
[WhiteElo "2832"]
[BlackElo "2568"]
[WhiteFideId "1503014"]
[BlackFideId "12401153"]
[EventDate "2024.07.25"]
[EventType "k.o."]

1. e4 e5 2. Nf3 Nc6 3. Bc4 Bc5 4. O-O d6 5. c3 Nf6 6. d3 a6 7. Bb3 Ba7 8. Nbd2
O-O 9. h3 h6 10. Re1 Nh5 11. Nf1 Qf6 12. Be3 Bxe3 13. Nxe3 Nf4 14. Nd5 Nxd5 15.
exd5 Ne7 16. d4 Ng6 17. dxe5 dxe5 18. Qe2 Re8 19. Qe3 Bf5 20. Rad1 Rad8 21. c4
b6 22. Ba4 Re7 23. b4 Bc8 24. c5 bxc5 25. bxc5 Nf4 26. d6 cxd6 27. cxd6 Re6 28.
Nxe5 Bb7 29. Bb3 Nxg2 0-1

[Event "chess.com SpeedChess 2024"]
[Site "chess.com INT"]
[Date "2024.07.26"]
[Round "1.8"]
[Board "8"]
[White "Le, Tuan Minh"]
[Black "Carlsen, Magnus"]
[Result "0-1"]
[WhiteTitle "GM"]
[BlackTitle "GM"]
[WhiteElo "2568"]
[BlackElo "2832"]
[WhiteFideId "12401153"]
[BlackFideId "1503014"]
[EventDate "2024.07.25"]
[EventType "k.o."]

1. d4 Nf6 2. Nf3 b6 3. Bg5 e6 4. e4 h6 5. Bxf6 Qxf6 6. c3 Bb7 7. Bd3 c5 8. Nbd2
cxd4 9. cxd4 Nc6 10. e5 Qd8 11. O-O Be7 12. a3 d6 13. Qe2 dxe5 14. dxe5 Nd4 15.
Nxd4 Qxd4 16. Be4 Bxe4 17. Qxe4 Rd8 18. Qxd4 Rxd4 19. Nf3 Rd3 20. Rfd1 Rxd1+ 21.
Rxd1 O-O 22. Rd7 Rd8 23. Rxd8+ Bxd8 24. Nd4 a6 25. f4 b5 26. Kf1 Kf8 27. Ke2 Ke8
28. Kd3 Kd7 29. b4 f5 30. exf6 Bxf6 31. Ke4 Kd6 32. g4 g6 33. h3 g5 34. f5 Bxd4
35. Kxd4 exf5 36. gxf5 h5 37. Ke4 Ke7 38. Ke5 Kf7 39. f6 g4 40. hxg4 hxg4 41.
Kf4 Kxf6 42. Kxg4 Ke5 43. Kf3 Kd4 44. Ke2 Kc3 45. a4 0-1

[Event "chess.com SpeedChess 2024"]
[Site "chess.com INT"]
[Date "2024.07.26"]
[Round "1.9"]
[Board "9"]
[White "Carlsen, Magnus"]
[Black "Le, Tuan Minh"]
[Result "0-1"]
[WhiteTitle "GM"]
[BlackTitle "GM"]
[WhiteElo "2832"]
[BlackElo "2568"]
[WhiteFideId "1503014"]
[BlackFideId "12401153"]
[EventDate "2024.07.25"]
[EventType "k.o."]

1. d4 d5 2. c4 c6 3. Nf3 Nf6 4. e3 a6 5. Bd2 Bf5 6. Nc3 e6 7. Nh4 Be4 8. f3 Bg6
9. Nxg6 hxg6 10. cxd5 cxd5 11. Bd3 Nc6 12. Kf2 Bd6 13. g3 Rc8 14. Rc1 e5 15.
dxe5 Bxe5 16. Ne2 O-O 17. b4 Re8 18. Kg2 Bb8 19. b5 axb5 20. Bxb5 Ba7 21. Nd4
Bxd4 22. exd4 Re6 23. Be1 Qb6 24. a4 Ne8 25. Bf2 Nd6 26. Rc5 Nxb5 27. Rxb5 Qa6
28. Rxd5 Re2 29. Re1 Rb2 30. Rc5 Rd8 31. d5 Nb4 32. Rb5 Qf6 0-1

[Event "chess.com SpeedChess 2024"]
[Site "chess.com INT"]
[Date "2024.07.26"]
[Round "1.10"]
[Board "10"]
[White "Le, Tuan Minh"]
[Black "Carlsen, Magnus"]
[Result "0-1"]
[WhiteTitle "GM"]
[BlackTitle "GM"]
[WhiteElo "2568"]
[BlackElo "2832"]
[WhiteFideId "12401153"]
[BlackFideId "1503014"]
[EventDate "2024.07.25"]
[EventType "k.o."]

1. d4 Nf6 2. Nf3 g6 3. Nbd2 c5 4. dxc5 Bg7 5. a3 Qc7 6. e3 Qxc5 7. b4 Qc7 8. Bb2
O-O 9. c4 b6 10. Be2 Bb7 11. O-O d6 12. Rc1 Nbd7 13. Nd4 Rac8 14. Bf3 Rfd8 15.
Qe2 Bxf3 16. N2xf3 Qb7 17. Rfd1 a6 18. h3 Rc7 19. b5 Nb8 20. a4 Rdc8 21. Nd2
Nfd7 22. Ba1 Nc5 23. bxa6 Qxa6 24. Nb5 Rb7 25. Bxg7 Kxg7 26. Nc3 Nbd7 27. Nf3
Nf6 28. Nd4 Nxa4 29. Ncb5 Rbb8 30. Ra1 Ra8 31. e4 Qb7 32. e5 dxe5 33. Qxe5 Rxc4
34. Re1 Rd8 35. Rad1 Rd7 36. Rd3 Rc5 37. Qe2 e5 38. Nd6 Rxd6 39. Nf5+ gxf5 40.
Rxd6 Qe7 41. Qd2 h6 42. Rd3 Ne4 43. Qb4 b5 44. Rf3 Qd7 45. g4 Qd4 46. Qxd4 exd4
47. gxf5 Nac3 48. Rd3 Rc4 49. f3 Nc5 50. Rd2 b4 0-1

[Event "chess.com SpeedChess 2024"]
[Site "chess.com INT"]
[Date "2024.07.26"]
[Round "1.11"]
[Board "11"]
[White "Carlsen, Magnus"]
[Black "Le, Tuan Minh"]
[Result "1-0"]
[WhiteTitle "GM"]
[BlackTitle "GM"]
[WhiteElo "2832"]
[BlackElo "2568"]
[WhiteFideId "1503014"]
[BlackFideId "12401153"]
[EventDate "2024.07.25"]
[EventType "k.o."]

1. d4 d5 2. Nf3 Nf6 3. Bf4 c5 4. e3 Qb6 5. c4 e6 6. Nc3 cxd4 7. Qxd4 Bc5 8. Qd2
Bb4 9. Qc2 O-O 10. Be2 dxc4 11. O-O Bxc3 12. bxc3 Nc6 13. Rfd1 Qa5 14. Bxc4 e5
15. Bg5 e4 16. Bxf6 exf3 17. Rd5 Qb6 18. Rg5 1-0

[Event "chess.com SpeedChess 2024"]
[Site "chess.com INT"]
[Date "2024.07.26"]
[Round "1.12"]
[Board "12"]
[White "Le, Tuan Minh"]
[Black "Carlsen, Magnus"]
[Result "0-1"]
[WhiteTitle "GM"]
[BlackTitle "GM"]
[WhiteElo "2568"]
[BlackElo "2832"]
[WhiteFideId "12401153"]
[BlackFideId "1503014"]
[EventDate "2024.07.25"]
[EventType "k.o."]

1. d4 d5 2. Nf3 Bf5 3. c4 e6 4. Bf4 Bd6 5. Bxd6 Qxd6 6. Nc3 c6 7. Qb3 Qc7 8. Rc1
Qb6 9. e3 Nf6 10. Be2 Nbd7 11. Qa3 a5 12. O-O Qb4 13. Qb3 h6 14. Nd2 Ke7 15.
Rfd1 Rhd8 16. h3 g5 17. a3 Qxb3 18. Nxb3 a4 19. Nd2 Nb6 20. f3 Bg6 21. Kf2 h5
22. g3 g4 23. fxg4 hxg4 24. h4 Nc8 25. Bf1 Nd6 26. c5 Nf5 27. Ne2 e5 28. dxe5
Nd7 29. e4 dxe4 30. Nxe4 Nxe5 31. N2c3 Nd4 32. Nd6 Nb3 33. Nxb7 Rdb8 34. Nd6
Nxc1 35. Rxc1 Rxb2+ 36. Ke3 Rb3 37. Kf4 f6 38. h5 Bh7 39. Nc4 Rd8 40. Nxe5 Rd4+
41. Ke3 fxe5 42. Kf2 Rxa3 43. Ne2 Rd2 44. Ke1 Rc2 0-1

[Event "chess.com SpeedChess 2024"]
[Site "chess.com INT"]
[Date "2024.07.26"]
[Round "1.13"]
[Board "13"]
[White "Carlsen, Magnus"]
[Black "Le, Tuan Minh"]
[Result "1-0"]
[WhiteTitle "GM"]
[BlackTitle "GM"]
[WhiteElo "2832"]
[BlackElo "2568"]
[WhiteFideId "1503014"]
[BlackFideId "12401153"]
[EventDate "2024.07.25"]
[EventType "k.o."]

1. Nf3 d5 2. b3 Nf6 3. Bb2 Bg4 4. e3 e6 5. h3 Bh5 6. g4 Bg6 7. Ne5 Nbd7 8. Nxg6
hxg6 9. Bg2 c6 10. d3 Bd6 11. Nd2 Be5 12. d4 Bd6 13. Qe2 Qe7 14. g5 Ng8 15. Nf3
Ba3 16. c4 Qb4+ 17. Kf1 Ne7 18. Rc1 Bxb2 19. Qxb2 Nf5 20. h4 Qe7 21. Kg1 Nd6 22.
Bf1 f5 23. b4 a6 24. a4 Kf7 25. b5 axb5 26. axb5 Rhc8 27. Kg2 Ne4 28. bxc6 bxc6
29. cxd5 cxd5 30. Rxc8 Rxc8 31. Bd3 Qd6 32. Ra1 Qc7 33. Ra6 Rb8 34. Qa3 Rb6 35.
Ra8 Rb8 36. Ra5 Nd6 37. Ra7 Rb7 38. Rxb7 Nxb7 39. Bb5 Nf8 40. Ne5+ Kg8 41. Qa7
Qc8 42. Ba6 Qc2 43. Qxb7 Qe4+ 44. Kg1 1-0

[Event "chess.com SpeedChess 2024"]
[Site "chess.com INT"]
[Date "2024.07.26"]
[Round "1.14"]
[Board "14"]
[White "Le, Tuan Minh"]
[Black "Carlsen, Magnus"]
[Result "0-1"]
[WhiteTitle "GM"]
[BlackTitle "GM"]
[WhiteElo "2568"]
[BlackElo "2832"]
[WhiteFideId "12401153"]
[BlackFideId "1503014"]
[EventDate "2024.07.25"]
[EventType "k.o."]

1. d4 Nf6 2. Nf3 e6 3. Bf4 Nh5 4. Bg5 Be7 5. Bxe7 Qxe7 6. c3 f5 7. g3 O-O 8. Bg2
d6 9. O-O Nd7 10. Nbd2 Nhf6 11. Qc2 d5 12. c4 c6 13. e3 a5 14. Rfc1 Ne4 15. Ne1
Ndf6 16. Nd3 Bd7 17. f3 Nd6 18. b3 Be8 19. a3 g5 20. b4 g4 21. f4 h5 22. Ne5 h4
23. Qc3 Qh7 24. bxa5 Qc7 25. Qb4 Rxa5 26. Nb3 Ra8 27. Nc5 Bf7 28. Rab1 h3 29.
Bf1 Rfb8 30. Na4 dxc4 31. Nb6 Nd5 32. Qc5 Ra6 33. Nbxc4 Ne4 0-1

[Event "chess.com SpeedChess 2024"]
[Site "chess.com INT"]
[Date "2024.07.26"]
[Round "1.15"]
[Board "15"]
[White "Carlsen, Magnus"]
[Black "Le, Tuan Minh"]
[Result "1-0"]
[WhiteTitle "GM"]
[BlackTitle "GM"]
[WhiteElo "2832"]
[BlackElo "2568"]
[WhiteFideId "1503014"]
[BlackFideId "12401153"]
[EventDate "2024.07.25"]
[EventType "k.o."]

1. e4 e5 2. f4 exf4 3. Nc3 Nc6 4. d4 Qh4+ 5. Ke2 d6 6. Nf3 Bg4 7. Bxf4 Bxf3+ 8.
Kxf3 Nf6 9. g3 Qh5+ 10. Kg2 Qxd1 11. Rxd1 O-O-O 12. Bc4 Nxe4 13. Nxe4 d5 14. Ng5
dxc4 15. Nxf7 Be7 16. Nxh8 Rxh8 17. d5 Nb4 18. a3 Na6 19. d6 cxd6 20. Bxd6 Bf6
21. c3 Nc7 22. Rhe1 Na8 23. Be5 Nb6 24. Bxf6 gxf6 25. Re7 h5 26. Rd4 Kb8 27. Rf7
Re8 28. Kh3 a6 29. Rxf6 Na4 30. Rf2 1-0

[Event "chess.com SpeedChess 2024"]
[Site "chess.com INT"]
[Date "2024.07.26"]
[Round "1.16"]
[Board "16"]
[White "Le, Tuan Minh"]
[Black "Carlsen, Magnus"]
[Result "0-1"]
[WhiteTitle "GM"]
[BlackTitle "GM"]
[WhiteElo "2568"]
[BlackElo "2832"]
[WhiteFideId "12401153"]
[BlackFideId "1503014"]
[EventDate "2024.07.25"]
[EventType "k.o."]

1. d4 Nf6 2. Nf3 d6 3. c4 Nbd7 4. Nc3 g6 5. g3 Bg7 6. Bg2 O-O 7. O-O e5 8. h3
Re8 9. e4 a5 10. Re1 c6 11. d5 Nc5 12. b3 cxd5 13. cxd5 b5 14. Bg5 b4 15. Na4
Nxa4 16. bxa4 Bd7 17. Nd2 Rc8 18. Rc1 Rxc1 19. Qxc1 Bxa4 20. Nc4 Bb5 21. Be3 Qc7
22. Nb6 Qb7 23. a4 Bd7 24. Qd1 Rb8 25. Nc4 Qc7 26. Qb3 Bxa4 27. Qxa4 Qxc4 28.
Qxa5 b3 29. Qa7 Qb4 30. Rb1 h5 31. Bf3 Rb7 32. Qa8+ Kh7 33. Bd2 Qb5 34. Kg2 b2
35. Qa3 Qc4 36. Rxb2 Rxb2 37. Qxb2 Nxe4 38. Be3 Nf6 39. Qb7 e4 40. Be2 Qxe2 41.
Qxf7 Qf3+ 42. Kg1 Qd1+ 0-1

[Event "chess.com SpeedChess 2024"]
[Site "chess.com INT"]
[Date "2024.07.26"]
[Round "1.17"]
[Board "17"]
[White "Carlsen, Magnus"]
[Black "Le, Tuan Minh"]
[Result "1/2-1/2"]
[WhiteTitle "GM"]
[BlackTitle "GM"]
[WhiteElo "2832"]
[BlackElo "2568"]
[WhiteFideId "1503014"]
[BlackFideId "12401153"]
[EventDate "2024.07.25"]
[EventType "k.o."]

1. g3 d5 2. Bg2 g6 3. Nf3 Bg7 4. O-O e5 5. d3 Nc6 6. e4 Nge7 7. exd5 Nxd5 8. Nc3
O-O 9. Nxe5 Nxc3 10. Nxc6 bxc6 11. bxc3 Bxc3 12. Bh6 Re8 13. Bxc6 Bd7 14. Bxd7
Qxd7 15. Rb1 Qd5 16. Rb3 Bd4 17. c3 Bb6 18. d4 c5 19. dxc5 Qxc5 20. Qf3 Qe5 21.
c4 Rac8 22. Rc1 Re6 23. c5 Rec6 24. Re3 Qh5 25. Qxh5 gxh5 26. Rce1 Rxh6 27. cxb6
Rxb6 28. Ra3 Rc2 29. Rxa7 Rbb2 30. Rf1 Rxa2 31. Rxa2 Rxa2 32. Re1 1/2-1/2

[Event "chess.com SpeedChess 2024"]
[Site "chess.com INT"]
[Date "2024.07.26"]
[Round "1.18"]
[Board "18"]
[White "Le, Tuan Minh"]
[Black "Carlsen, Magnus"]
[Result "0-1"]
[WhiteTitle "GM"]
[BlackTitle "GM"]
[WhiteElo "2568"]
[BlackElo "2832"]
[WhiteFideId "12401153"]
[BlackFideId "1503014"]
[EventDate "2024.07.25"]
[EventType "k.o."]

1. d4 Nf6 2. Nf3 b6 3. e3 Bb7 4. Bd3 d6 5. O-O Nbd7 6. Nbd2 e5 7. e4 exd4 8.
Nxd4 g6 9. Re1 Bg7 10. Nf1 O-O 11. Ng3 Re8 12. Bf4 a6 13. Qd2 Nc5 14. f3 Nxd3
15. Qxd3 d5 16. e5 Nd7 17. e6 Qf6 18. exd7 Qxd4+ 19. Qxd4 Bxd4+ 20. Kf1 Rxe1+
21. Rxe1 Bc6 22. Bxc7 Bxd7 23. c3 Bb5+ 24. Ne2 Bc5 25. b4 Be3 26. Bg3 Re8 27.
Bf2 Bd2 0-1

[Event "chess.com SpeedChess 2024"]
[Site "chess.com INT"]
[Date "2024.07.26"]
[Round "1.19"]
[Board "19"]
[White "Carlsen, Magnus"]
[Black "Le, Tuan Minh"]
[Result "1-0"]
[WhiteTitle "GM"]
[BlackTitle "GM"]
[WhiteElo "2832"]
[BlackElo "2568"]
[WhiteFideId "1503014"]
[BlackFideId "12401153"]
[EventDate "2024.07.25"]
[EventType "k.o."]

1. d4 d5 2. c4 c6 3. cxd5 cxd5 4. Nc3 Nf6 5. Bf4 Nc6 6. e3 a6 7. h3 Bf5 8. Nf3
e6 9. Be2 Bd6 10. Bxd6 Qxd6 11. O-O O-O 12. Qb3 Na5 13. Qa4 Nc6 14. Rfc1 Rfc8
15. a3 h6 16. Qd1 Rc7 17. Na4 Nd7 18. b4 b5 19. Nc5 Nb6 20. a4 Nxb4 21. axb5
axb5 22. Rxa8+ Nxa8 23. Qb3 Nc6 24. Qxb5 Qd8 25. Ra1 Rc8 26. Rxa8 Rxa8 27. Qxc6
Ra1+ 28. Kh2 Ra2 29. Bd3 Qb8+ 30. Ne5 Rxf2 31. Nd7 Qd8 32. Kg1 Rd2 33. Bxf5 exf5
34. Qxd5 Qe7 35. Qa8+ 1-0

[Event "chess.com SpeedChess 2024"]
[Site "chess.com INT"]
[Date "2024.07.26"]
[Round "1.20"]
[Board "20"]
[White "Le, Tuan Minh"]
[Black "Carlsen, Magnus"]
[Result "1/2-1/2"]
[WhiteTitle "GM"]
[BlackTitle "GM"]
[WhiteElo "2568"]
[BlackElo "2832"]
[WhiteFideId "12401153"]
[BlackFideId "1503014"]
[EventDate "2024.07.25"]
[EventType "k.o."]

1. Nf3 f5 2. b3 Nf6 3. Bb2 d6 4. d4 g6 5. g3 Bg7 6. Bg2 O-O 7. O-O a5 8. c4 c6
9. Nc3 Na6 10. Rc1 Qc7 11. d5 Nc5 12. Nd4 Bd7 13. e3 e5 14. dxe6 Nxe6 15. Qd2
Nc5 16. Rfd1 Rad8 17. Qc2 Bc8 18. a3 Qf7 19. h3 Nfe4 20. b4 axb4 21. axb4 Nxc3
22. Bxc3 Ne4 23. Bb2 g5 24. Ne2 Bxb2 25. Qxb2 Qe7 26. Nc3 Qe5 27. Qc2 Nxc3 28.
Qxc3 Qxc3 29. Rxc3 Kf7 30. b5 c5 31. Ra3 Be6 32. Ra7 Bxc4 33. Rxb7+ Ke6 34. Bc6
Rf7 35. Rxf7 Kxf7 36. b6 Ke7 37. b7 Rb8 38. f4 gxf4 39. exf4 d5 40. Bxd5 Bxd5
41. Rxd5 Ke6 42. Rxc5 Rxb7 43. Rc6+ Kf7 44. Rc2 h5 45. Kg2 Kg6 46. Rc6+ Kg7 47.
Rc5 Rb2+ 48. Kf3 Rb3+ 49. Kf2 h4 50. Rxf5 Rxg3 51. Rg5+ Rxg5 52. fxg5 Kg6 53.
Kf3 Kxg5 54. Ke4 Kg6 55. Kf4 Kf6 1/2-1/2